Bioorganic Bioorganic, bioinorganic and supramolecular chemistry

Uloženo v:
Podrobná bibliografie
Hlavní autor: KALSI, P. S.
Médium: Kniha
Jazyk:angličtina
Vydáno: New Age International 2017
Tagy: Přidat tag
Žádné tagy, Buďte první, kdo vytvoří štítek k tomuto záznamu!

MARC

LEADER 00000nam a22000007a 4500
008 201210b ||||| |||| 00| 0 eng d
020 |a : 978-93-86286-62-8 
100 |a KALSI, P. S. 
245 |a Bioorganic  |b Bioorganic, bioinorganic and supramolecular chemistry  |c /P . S. Kalsi  
250 |b 3rd 
260 |b New Age International   |c 2017  |h New Delh  |i 691700-Sci., 691701   |l QD33.2 .K1  |m Chemistry 
942 |a lcc  |c BK  |e H. M 
952 |0 0  |1 0  |2 lcc  |4 0  |6 QD00332 K1  |7 0  |9 362  |a HOL  |b HOL  |d 2020-12-10  |l 0  |o QD33.2 .K1  |p 2020-2097  |r 2020-12-10 00:00:00  |w 2020-12-10  |y BK 
952 |0 0  |1 0  |2 lcc  |4 0  |6 QD00332 K1  |7 0  |9 365  |a HOL  |b SL  |d 2020-12-10  |l 0  |o QD33.2 .K1  |p 2020-2100  |r 2020-12-10 00:00:00  |w 2020-12-10  |y BK 
999 |c 175  |d 175